| 000 | 00734nam a2200253 4500 | ||
|---|---|---|---|
| 001 | 141048 | ||
| 003 | ES-MaACL | ||
| 007 | t| | ||
| 008 | 070919s1985 sp ||||0| spa d | ||
| 016 | 7 | _zIBH8505925140 | |
| 020 | _a84-204-2309-2 | ||
| 040 |
_aIBH _bspa _cM-BN-DP |
||
| 080 | _a820-31"19" | ||
| 100 | 1 |
_aWilson, Angus. _9117011 |
|
| 245 | 1 | 0 |
_aPrendiendo fuego al mundo / _cAngus Wilson ; traducción de Juan Basabé. |
| 260 |
_aMadrid : _bAlfaguara, _c1985. |
||
| 300 |
_a412 p. ; _c20 cm. |
||
| 490 | 1 |
_aLiteratura Alfaguara ; _v154 |
|
| 700 | 1 |
_aBasabé, Juan. _926238 |
|
| 830 | 0 |
_aLiteratura Alfaguara ; _v154 _9178100 |
|
| 852 |
_aES-MaACL _jL-8280 _bR.108616 |
||
| 999 |
_c141048 _d141048 |
||